000 01282pab a2200181 454500
008 180718b2004 xxu||||| |||| 00| 0 eng d
100 _aBhattacharya, B.B.
245 _aRegional growth and disparity in India: comparison of pre- and post-reform decades
260 _c2004
300 _ap.1071-077.
362 _a6 Mar
520 _aHas regional disparity widened in the post-reform period? This study attempts to probe this question by analysing growth rates of aggregate and sectoral domestic product of major states in the pre- and post-reform decades. The results indicate that while the growth rate of gross domestic product has improved only marginally in the post-reform decade, regional disparity in state domestic product (SDP) has widened much more drastically. Industrial states are now growing much faster than backward states, and there is no evidence of convergence of growth rates among states. Disturbingly, there is now also an inverse relationship between population growth and SDP growth. This has serious implications for employment and for the political economy of India. - Reproduced.
650 _aRegional disparities - India
650 _aRegional disparities
700 _aSakthivel, S.
773 _aEconomic and Political Weekly
909 _a59782
999 _c59782
_d59782